Satellite Communications (Record no. 10116)
[ view plain ]
| 000 -LEADER | |
|---|---|
| fixed length control field | 00424nam a2200181Ia 4500 |
| 008 - FIXED-LENGTH DATA ELEMENTS--GENERAL INFORMATION | |
| fixed length control field | 221030s9999 xx 000 0 und d |
| 020 ## - INTERNATIONAL STANDARD BOOK NUMBER | |
| ISBN | 8126508334 |
| 041 ## - LANGUAGE CODE | |
| Language code of text/sound track or separate title | |
| 082 ## - DEWEY DECIMAL CLASSIFICATION NUMBER | |
| Classification number | 105.23 |
| 100 ## - MAIN ENTRY--AUTHOR NAME | |
| Personal name | T. Pratt |
| 245 #0 - TITLE STATEMENT | |
| Title | Satellite Communications |
| Statement of responsibility, etc | by T. Pratt, C. Bostian |
| 250 ## - EDITION STATEMENT | |
| Edition statement | 2nd |
| 260 ## - PUBLICATION, DISTRIBUTION, ETC. (IMPRINT) | |
| Name of publisher | Wiley India |
| Place of publication | New Delhi |
| Year of publication | 2012 |
| 300 ## - PHYSICAL DESCRIPTION | |
| Number of Pages | 536 |
| 650 ## - SUBJECT ADDED ENTRY--TOPICAL TERM | |
| Topical Term | ECE |
| 700 ## - ADDED ENTRY--PERSONAL NAME | |
| Personal name | C. Bostian |
| 942 ## - ADDED ENTRY ELEMENTS (KOHA) | |
| Koha item type | Books |
| Accession Number | Cost, normal purchase price | Bill Date | Full call number | Source of acquisition | Price effective from | Koha item type | Withdrawn / writtenoff status | Materials specified (bound volume or other part) | Damaged status | Not for loan | Permanent Location | Current Location | Shelving location | Date acquired | Lost/ Missing status | department |
|---|---|---|---|---|---|---|---|---|---|---|---|---|---|---|---|---|
| BE 12439 | 419.00 | 746 | 105.23 | Zigma, Jammu | 10/30/2022 | Books | MIET Library, Jammu | MIET Library, Jammu | BL-Academic Block C, FL-2, CUP-163, SH-3, R-3 | 02/17/2012 | BE | |||||
| BE 12435 | 419.00 | 746 | 105.23 | Zigma, Jammu | 10/30/2022 | Books | Not For Loan | MIET Library, Jammu | MIET Library, Jammu | BL-Academic Block B, FL-2, CUP-154, SH-4, R-4 | 02/17/2012 | BE | ||||
| BE 12436 | 419.00 | 746 | 105.23 | Zigma, Jammu | 10/30/2022 | Books | MIET Library, Jammu | MIET Library, Jammu | BL-Academic Block C, FL-2, CUP-163, SH-3, R-3 | 02/17/2012 | BE | |||||
| BE 12437 | 419.00 | 746 | 105.23 | Zigma, Jammu | 10/30/2022 | Books | MIET Library, Jammu | MIET Library, Jammu | BL-Academic Block C, FL-2, CUP-163, SH-3, R-3 | 02/17/2012 | BE | |||||
| BE 12438 | 419.00 | 746 | 105.23 | Zigma, Jammu | 10/30/2022 | Books | MIET Library, Jammu | MIET Library, Jammu | BL-Academic Block C, FL-2, CUP-163, SH-3, R-3 | 02/17/2012 | BE |